Active reading; problem-solving activities for developing reading skills /

Guardado en:
Autor Principal: Bruton, Anthony
Formato: Libro
Publicado: Inglaterra : Nelson, 1993
Etiquetas: Agregar Etiqueta
Sin Etiquetas, Sea el primero en etiquetar este registro!
LEADER 00441nam a22001455a 4500
001 CEM.cems007409
005 20060214000000.0
008 130507s1993##################000#0#####d
003 CEMS
082 0 4 |a 428.64 
100 1 |a Bruton, Anthony 
245 1 0 |a Active reading; problem-solving activities for developing reading skills / 
260 |a Inglaterra :  |b Nelson,  |c 1993 
300 |a 70 p.1 
859 |a CEMS  |b BIB. CEMS - 11 de abril  |h 428.64  |i B838  |p 17308.93  |t Ej.1